|
|
|
|
| LEADER |
00000cam a2200000 7i4500 |
| 001 |
0000004219 |
| 002 |
000004536 |
| 005 |
20081118.0 |
| 020 |
|
|
|a 0091739837
|
| 090 |
0 |
0 |
|a 613.7148
|b CON
|
| 100 |
1 |
|
|a Connor, Danny
|
| 245 |
0 |
0 |
|a Tai chi
|c Dannu Connor
|
| 260 |
|
|
|a London :
|b Stanley Paul ,
|c 1989
|
| 300 |
|
|
|a 176 p. :
|b ill. ;
|c 24 cm.
|
| 650 |
0 |
0 |
|a Physical fitness
|
| 650 |
0 |
0 |
|a T'ai Chi Ch'uan
|
| 650 |
0 |
0 |
|a Tai Chi Chuan
|x Handbooks, manuals, etc.
|
| 999 |
|
|
|a 031223
|b BUKU
|c PINJAMAN
|e PERPUSTAKAAN KOMUNITI PETALING JAYA
|
| 999 |
|
|
|a 031224
|b BUKU
|c PINJAMAN
|e PERPUSTAKAAN KOMUNITI PETALING JAYA
|
| 999 |
|
|
|a 031429
|b BUKU
|c PINJAMAN
|e PERPUSTAKAAN KOMUNITI PETALING JAYA
|